[Event "Kecskemet Open"]
[Site "Kecskemet HUN"]
[Date "1986.07.??"]
[Round "5"]
[White "Schneider, Attila"]
[Black "Hager, Franz"]
[Result "0-1"]
[WhiteElo "2430"]
[BlackElo "2340"]
[PlyCount "96"]
[EventDate "1986.??.??"]
[Source "www.chesslib.no"]
[SourceDate "2004.05.04"]

1. d4 g6 2. c4 Bg7 3. Nc3 d6 4. e4 Nc6 5. Nge2 e5 6. Be3 Nf6 7. f3 O-O 8. Qd2 a6 9. d5 Na5 10. Ng3 c5 11. h4 h5 12. Bh6 Rb8 13. O-O-O Bd7 14. Bxg7 Kxg7 15. Qg5 Kh7 16. Rd2 b5 17. Be2 Nxc4 18. Bxc4 bxc4 19. Nf1 Kg7 20. Ne3 Rb4 21. g4 hxg4 22. Nf5+ Bxf5 23. exf5 gxf3 24. fxg6 fxg6 25. Rg1 Qe8 26. Rf2 Nh7 27. Qg3 Qf7 28. Rxf3 Qe8 29. Rxf8 Nxf8 30. Ne4 c3 31. Nxc3 Qf7 32. h5 Qf4+ 33. Qxf4 Rxf4 34. Rg2 Kf6 35. hxg6 Nxg6 36. Kd2 Rd4+ 37. Ke3 Nf4 38. Rd2 Ke7 39. Rh2 Nxd5+ 40. Nxd5+ Rxd5 41. Ke4 Rd4+ 42. Kf5 Rf4+ 43. Kg5 Ke6 44. Rh3 Rb4 45. b3 Rf4 46. Rh8 Rf2 47. Rh6+ Kd5 48. a4 e4 0-1

[Event "Las Vegas Open 5'"]
[Site "Las Vegas, NV USA"]
[Date "1995.??.??"]
[Round "1"]
[White "Dlugy, Maxim"]
[Black "Kerkay, Eugene"]
[Result "1-0"]
[WhiteElo "2545"]
[BlackElo "2220"]
[PlyCount "63"]
[EventDate "1995.??.??"]
[Source "www.chesslib.no"]
[SourceDate "2004.05.04"]

1. d4 Nf6 2. c4 g6 3. Nc3 Bg7 4. e4 d6 5. f3 O-O 6. Be3 Nc6 7. Nge2 e5 8. d5 Ne7 9. g4 Ne8 10. Ng3 h6 11. Qd2 Kh7 12. Bd3 c5 13. h4 Bd7 14. h5 g5 15. a3 Rb8 16. b4 b6 17. Kf2 a5 18. Rhb1 Nf6 19. Be2 Qc7 20. bxc5 bxc5 21. Nb5 Qb6 22. Qc3 Qa6 23. Bd2 a4 24. Qa5 Ra8 25. Qc7 Rfc8 26. Qxd6 Bxb5 27. Qxe7 Bxc4 28. Qxf7 Bxe2 29. Rb7 Rg8 30. Nf5 Raf8 31. Qg6+ Kh8 32. Rxg7 1-0

[Event "Voronezh"]
[Site "?"]
[Date "1992.??.??"]
[Round "?"]
[White "Sotnikov, I."]
[Black "Zaitsev, I."]
[Result "1-0"]
[WhiteElo "2320"]
[BlackElo "2445"]
[PlyCount "67"]
[EventDate "1992.??.??"]
[Source "ChessBase"]
[SourceDate "1992.10.01"]

1. d4 Nf6 2. c4 g6 3. Nc3 Bg7 4. e4 d6 5. f3 O-O 6. Be3 Nc6 7. Nge2 e5 8. d5 Ne7 9. Qd2 Ne8 10. g4 f5 11. g5 c5 12. Nc1 Bd7 13. Nd3 Nc8 14. h4 a6 15. a4 a5 16. O-O-O Bh8 17. Bh3 f4 18. Bxd7 Qxd7 19. Bg1 Ng7 20. Bxc5 dxc5 21. Nxe5 Qd8 22. Ng4 h5 23. gxh6 Nh5 24. e5 Qd7 25. d6 Rf5 26. Rhe1 Nb6 27. e6 Qc6 28. Re4 Bd4 29. Rxd4 cxd4 30. Qxd4 Nxc4 31. d7 Qxe6 32. d8=Q+ Rxd8 33. Qxd8+ Rf8 34. h7+ 1-0

[Event "ISL-chT9899"]
[Site "Reykjavik"]
[Date "1998.??.??"]
[Round "?"]
[White "Kristinsson, Jon"]
[Black "Gunnarsson, Jon Viktor"]
[Result "0-1"]
[WhiteElo "2335"]
[BlackElo "2423"]
[PlyCount "70"]
[EventDate "1999.??.??"]
[Source "www.chesslib.no"]
[SourceDate "2004.05.04"]

1. d4 Nf6 2. c4 g6 3. Nc3 Bg7 4. e4 d6 5. f3 O-O 6. Be3 e5 7. Nge2 Nc6 8. d5 Ne7 9. Qd2 Nd7 10. g4 f5 11. gxf5 gxf5 12. O-O-O f4 13. Bf2 a5 14. Kb1 b6 15. Nc1 Nc5 16. Nb3 Na6 17. Nb5 Bf6 18. a3 Ng6 19. Nc1 Bh4 20. Bg1 Qg5 21. b4 Qh5 22. Bg2 Be7 23. Nxc7 Nxc7 24. Bxb6 axb4 25. Bxc7 Ra7 26. Bb6 Rb7 27. Qf2 bxa3 28. Ka1 Bd7 29. Nd3 Rfb8 30. Rb1 Bh4 31. Qg1 Bd8 32. Bxd8 Rxb1+ 33. Qxb1 Rxb1+ 34. Rxb1 Qxh2 35. Bf1 Ba4 0-1

[Event "New York op"]
[Site "New York"]
[Date "2000.05.05"]
[Round "1"]
[White "Bu Xiangzhi"]
[Black "Mc Clelland, Shearwood"]
[Result "0-1"]
[WhiteElo "2565"]
[BlackElo "2186"]
[PlyCount "92"]
[EventDate "2000.05.05"]
[Source "ChessBase"]
[SourceDate "2000.07.11"]

1. d4 Nf6 2. c4 g6 3. Nc3 Bg7 4. e4 d6 5. f3 O-O 6. Be3 e5 7. Nge2 Nc6 8. Qd2 a6 9. d5 Na5 10. Nc1 c5 11. a3 Qc7 12. Qf2 Bd7 13. Rb1 Rab8 14. b4 Nxc4 15. Bxc4 cxb4 16. Rxb4 b5 17. O-O bxc4 18. Bb6 Qc8 19. N1e2 Nh5 20. Rfb1 f5 21. Ba7 Rxb4 22. Rxb4 Bh6 23. Qb6 Rf7 24. Qa5 Bb5 25. Bf2 Qc7 26. Qxc7 Rxc7 27. a4 Bd7 28. exf5 Nf4 29. Ng3 gxf5 30. Rb8+ Kf7 31. Bb6 Rc8 32. Rb7 Ke8 33. Kf1 Nd3 34. Ke2 Nf4+ 35. Kf1 Nd3 36. Ke2 Bc1 37. Kd1 Bb2 38. Kc2 Bxc3 39. Kxc3 Nf4 40. Kc2 Nxd5 41. Nh5 Bxa4+ 42. Kc1 Bc6 43. Ng7+ Kf8 44. Ne6+ Kg8 45. Rg7+ Kh8 46. Bd8 Rxd8 0-1

[Event "Largs Premier op"]
[Site "Largs"]
[Date "1997.??.??"]
[Round "2"]
[White "McNab, Colin Anderson"]
[Black "Norris, Alan J"]
[Result "1-0"]
[WhiteElo "2455"]
[BlackElo "2285"]
[PlyCount "69"]
[EventDate "1997.??.??"]
[Source "www.chesslib.no"]
[SourceDate "2004.05.04"]

1. c4 e5 2. Nc3 Nf6 3. Nf3 Nc6 4. e4 g6 5. d4 exd4 6. Nxd4 d6 7. f3 Bg7 8. Be3 O-O 9. Qd2 Re8 10. O-O-O Nxd4 11. Bxd4 Be6 12. h4 c6 13. g4 Qa5 14. Kb1 b5 15. cxb5 cxb5 16. Nd5 Qd8 17. Bxb5 Bxd5 18. exd5 Re7 19. Bc6 Rb8 20. Rhe1 Nd7 21. Bxg7 Kxg7 22. Rxe7 Qxe7 23. Re1 Ne5 24. f4 Nf3 25. Rxe7 Nxd2+ 26. Kc2 Kf6 27. Rxa7 Nc4 28. b4 Ne3+ 29. Kc3 Nxg4 30. b5 Ne3 31. a4 Ng2 32. a5 Nxf4 33. Rd7 Ke5 34. Kc4 f5 35. a6 1-0

[Event "IND-ch"]
[Site "IND"]
[Date "1994.??.??"]
[Round "12"]
[White "Soman, Satchidanand"]
[Black "Muralidharan, MB."]
[Result "1/2-1/2"]
[WhiteElo "2320"]
[BlackElo "2420"]
[PlyCount "133"]
[EventDate "1994.??.??"]
[Source "ChessBase"]

1. d4 Nf6 2. c4 g6 3. Nc3 Bg7 4. e4 d6 5. f3 O-O 6. Be3 e5 7. Nge2 Nc6 8. Qd2 Nd7 9. d5 Ne7 10. g4 Nb6 11. Ng3 f5 12. gxf5 gxf5 13. Bg5 f4 14. Nh5 h6 15. Nxg7 hxg5 16. Ne6 Bxe6 17. dxe6 Ng6 18. O-O-O Kg7 19. Qf2 Qe7 20. Rg1 Rh8 21. Nd5 Nxd5 22. exd5 e4 23. Qd4+ Qf6 24. Rxg5 Qxd4 25. Rxd4 Rxh2 26. fxe4 Rah8 27. Rd1 R2h5 28. Rg4 Rh4 29. Rg5 R4h5 30. Rg2 Kf6 31. b4 Ne5 32. c5 Rh2 33. cxd6 cxd6 34. Rxh2 Rxh2 35. Rd2 Rh1 36. Rd1 Rh2 37. Rd2 Rh1 38. Rd1 f3 39. a4 Rh2 40. Rd2 Rh4 41. Rd4 Rh1 42. Rd1 Ng4 43. Bd3 Rh2 44. Rf1 Ne5 45. Bc2 Ke7 46. Kd1 Re2 47. Rxf3 Rxc2 48. Rh3 Rc4 49. Rh7+ Kf6 50. Rxb7 Rxe4 51. Kc2 a5 52. bxa5 Rxa4 53. Rb6 Nc4 54. Rc6 Ne3+ 55. Kb3 Rxa5 56. Rxd6 Nxd5 57. Kc4 Ne3+ 58. Kd3 Nf5 59. Rb6 Rd5+ 60. Ke4 Rd4+ 61. Kf3 Nd6 62. Rb8 Kxe6 63. Ra8 Kf6 64. Ra6 Kg5 65. Ra8 Rd3+ 66. Ke2 Rc3 67. Rg8+ 1/2-1/2

[Event "Raipur IND"]
[Site "?"]
[Date "2002.03.??"]
[Round "5"]
[White "Ravi Kumar"]
[Black "Thipsay Praveen Mahadeo"]
[Result "0-1"]
[WhiteElo "2280"]
[BlackElo "2456"]
[PlyCount "92"]
[EventDate "2002.??.??"]
[Source "www.chesslib.no"]
[SourceDate "2004.05.04"]

1. d4 Nf6 2. c4 g6 3. Nc3 Bg7 4. e4 d6 5. f3 O-O 6. Be3 e5 7. dxe5 dxe5 8. Qxd8 Rxd8 9. Nd5 Nxd5 10. cxd5 c6 11. Bc4 b5 12. Bb3 a5 13. a3 a4 14. Ba2 Bb7 15. dxc6 Nxc6 16. Bd5 Rab8 17. Bxc6 Bxc6 18. Rc1 Ba8 19. Ne2 f5 20. Nc3 b4 21. Nxa4 fxe4 22. fxe4 Bxe4 23. O-O Bd3 24. Rf2 bxa3 25. bxa3 e4 26. Nc5 Bb2 27. Nxd3 exd3 28. Rb1 Bxa3 29. Rxb8 Rxb8 30. Rd2 Rd8 31. Rd1 Kf7 32. Kf2 Ke6 33. Kf3 Kf5 34. g4+ Ke5 35. Bb6 Rd5 36. Ke3 d2 37. Bc7+ Bd6 38. Bb6 Bb4 39. Bc7+ Bd6 40. Bb6 Ke6 41. h3 g5 42. Bd4 Bf4+ 43. Ke4 Rd7 44. h4 gxh4 45. Kxf4 Rxd4+ 46. Ke3 Ke5 0-1

[Event "III Open"]
[Site "Palma di Maiorca SPA"]
[Date "2008.12.08"]
[Round "3"]
[White "Rowson, J."]
[Black "Pons Servera, C."]
[Result "1-0"]
[WhiteElo "2596"]
[BlackElo "2137"]
[PlyCount "67"]
[EventDate "2008.12.06"]
[Source "www.chesslib.no"]
[SourceDate "2004.05.04"]

1. d4 Nf6 2. c4 g6 3. Nc3 Bg7 4. e4 d6 5. f3 O-O 6. Be3 e5 7. Nge2 Nc6 8. d5 Ne7 9. g4 c6 10. Ng3 cxd5 11. cxd5 a6 12. h4 b5 13. h5 b4 14. Na4 Nd7 15. Qd2 f5 16. gxf5 gxf5 17. h6 Bh8 18. Rg1 Kf7 19. exf5 Nf6 20. Nb6 Rb8 21. Nxc8 Qxc8 22. Ne4 Nxe4 23. fxe4 Bf6 24. Rc1 Qb7 25. Qe2 Rg8 26. Qh5+ Kf8 27. Rxg8+ Nxg8 28. Rc6 b3 29. a3 Qe7 30. Bxa6 Bh4+ 31. Ke2 Qf6 32. Rc7 Ne7 33. Kf3 Kg8 34. Kg4 1-0

[Event "JUG-ch53"]
[Site "Belgrade "]
[Date "1998.03.25"]
[Round "11"]
[White "Pavlovic, Milos2"]
[Black "Markovic, Miroslav"]
[Result "0-1"]
[WhiteElo "2190"]
[BlackElo "2540"]
[PlyCount "108"]
[EventDate "1998.03.14"]
[Source "ChessBase"]
[SourceDate "1998.06.15"]

1. d4 Nf6 2. c4 g6 3. Nc3 Bg7 4. e4 d6 5. f3 e5 6. Nge2 O-O 7. Be3 Nc6 8. Qd2 Nd7 9. Nd5 exd4 10. Nxd4 Nde5 11. Be2 Nxd4 12. Bxd4 c6 13. Ne3 Qh4+ 14. g3 Qf6 15. O-O-O Qe7 16. f4 c5 17. Bc3 Nc6 18. Bxg7 Kxg7 19. Qc3+ f6 20. Nd5 Qd8 21. g4 Nd4 22. Rxd4 cxd4 23. Qxd4 Be6 24. Ne3 Qa5 25. g5 Qxa2 26. Rf1 Rac8 27. gxf6+ Kg8 28. Nd5 Rc5 29. Nc3 Rxc4 30. Bxc4 Qxc4 31. Rd1 Qxd4 32. Rxd4 Rxf6 33. Rxd6 Kf7 34. Ne2 Bg4 35. Rxf6+ Kxf6 36. Nd4 g5 37. e5+ Kg6 38. fxg5 Kxg5 39. Kd2 Kf4 40. e6 Ke5 41. e7 Bd7 42. Ke3 Kf6 43. Kf4 Kxe7 44. Ke5 h5 45. h4 Bg4 46. Nb5 Kd7 47. Nxa7 Be2 48. Kd5 b6 49. b4 Kc7 50. b5 Bf3+ 51. Kc4 Kb7 52. Nc6 Bxc6 53. bxc6+ Kxc6 54. Kb4 Kd5 0-1

[Event "Macedonian op"]
[Site "Struga"]
[Date "2002.07.21"]
[Round "2"]
[White "Ermenkov, Evgenij"]
[Black "Dimitrievski, Dragi"]
[Result "1-0"]
[WhiteElo "2471"]
[BlackElo "2256"]
[PlyCount "101"]
[EventDate "2002.07.20"]
[Source "ChessBase"]
[SourceDate "2002.09.11"]

1. d4 Nf6 2. c4 g6 3. Nc3 Bg7 4. e4 d6 5. f3 O-O 6. Be3 e5 7. Nge2 Nc6 8. Qd2 Ne8 9. O-O-O f5 10. exf5 Bxf5 11. d5 Ne7 12. Ng3 Bd7 13. Kb1 Nf5 14. Nxf5 Bxf5+ 15. Ka1 Rf7 16. Be2 c5 17. g4 Bd7 18. h4 Nf6 19. h5 gxh5 20. g5 Ne8 21. Rxh5 Bf5 22. Rdh1 Bg6 23. R5h3 Qd7 24. Bd3 a6 25. Bxg6 hxg6 26. Ne4 Qf5 27. Qh2 Kf8 28. Nxc5 Rc8 29. Ne6+ Ke7 30. c5 Qd3 31. cxd6+ Kxd6 32. f4 Qxd5 33. Nxg7 Nxg7 34. fxe5+ Ke7 35. Rh7 Qd3 36. Qh3 Qf5 37. Qg2 Rc6 38. Rd1 Qc8 39. Qd5 Ne6 40. Rh6 Rg7 41. a3 Qd8 42. Qf3 Qf8 43. Qd5 Qd8 44. Qb3 Qc7 45. Qb4+ Nc5 46. Bd4 a5 47. Qb5 Ne6 48. Be3 Nc5 49. Rd6 Ne6 50. Rh8 Rf7 51. Bd2 1-0

[Event "Gyongyos Open"]
[Site "Gyongyos"]
[Date "1994.??.??"]
[Round "?"]
[White "Sotnikov, Igor"]
[Black "Lengyel, Levente"]
[Result "1-0"]
[WhiteElo "2340"]
[BlackElo "2385"]
[PlyCount "65"]
[EventDate "1994.??.??"]
[Source "www.chesslib.no"]
[SourceDate "2004.05.04"]

1. d4 Nf6 2. c4 d6 3. Nc3 g6 4. e4 Bg7 5. f3 O-O 6. Be3 Nc6 7. Nge2 e5 8. d5 Ne7 9. Qd2 Ne8 10. g4 f5 11. g5 c6 12. O-O-O Qa5 13. Kb1 c5 14. Nc1 Bd7 15. h4 a6 16. h5 Rf7 17. hxg6 hxg6 18. Nb3 Qd8 19. Qh2 Rf8 20. f4 b6 21. fxe5 dxe5 22. d6 Nc6 23. exf5 Bxf5+ 24. Bd3 Bxd3+ 25. Rxd3 Rf5 26. d7 Nc7 27. Qh7+ Kf7 28. Ne4 Ne6 29. Nd6+ Ke7 30. Nxf5+ gxf5 31. Nxc5 Kf7 32. Qxf5+ Bf6 33. g6+ 1-0

[Event "Lloyds Bank Open"]
[Site "London ENG"]
[Date "1987.??.??"]
[Round "4"]
[White "Wiedenkeller, Michael"]
[Black "Britton, Richard"]
[Result "1-0"]
[WhiteElo "2450"]
[BlackElo "2275"]
[PlyCount "69"]
[EventDate "1987.??.??"]
[Source "www.chesslib.no"]
[SourceDate "2004.05.04"]

1. d4 Nf6 2. c4 g6 3. Nc3 Bg7 4. e4 d6 5. f3 e5 6. Nge2 O-O 7. Be3 Nc6 8. Qd2 a6 9. d5 Na5 10. Nc1 c5 11. Bd3 Nh5 12. Rb1 b5 13. cxb5 c4 14. b4 cxd3 15. bxa5 axb5 16. Nxd3 Rxa5 17. a4 Nf4 18. O-O f5 19. axb5 g5 20. Nb4 Ra3 21. Nc6 Qf6 22. Kh1 h5 23. Qb2 Ra8 24. b6 Bb7 25. Ra1 Rxa1 26. Rxa1 h4 27. exf5 e4 28. Bd4 Qf7 29. Nxe4 Bxc6 30. Bxg7 h3 31. g4 Qxd5 32. Bxf8 Kxf8 33. Qh8+ Ke7 34. Ra7+ Bb7 35. Rxb7+ 1-0

[Event "Amantea Open"]
[Site "Amantea"]
[Date "1993.??.??"]
[Round "?"]
[White "Conquest, Stuart"]
[Black "Corvi, Marco"]
[Result "1-0"]
[WhiteElo "2495"]
[BlackElo "2230"]
[PlyCount "55"]
[EventDate "1993.??.??"]
[Source "www.chesslib.no"]
[SourceDate "2004.05.04"]

1. c4 Nf6 2. Nc3 g6 3. e4 d6 4. d4 Bg7 5. f3 O-O 6. Nge2 Nc6 7. Be3 e5 8. d5 Ne7 9. Qd2 c6 10. g4 cxd5 11. cxd5 Ne8 12. h4 f5 13. exf5 gxf5 14. g5 Qa5 15. Nc1 e4 16. Bd4 exf3 17. Nb3 Qb4 18. O-O-O Bd7 19. Re1 Ng6 20. h5 Bxd4 21. hxg6 Be5 22. Rxe5 dxe5 23. Rxh7 Qd6 24. Nc5 Qxg6 25. Rh6 Qg7 26. d6 Rf7 27. g6 Rf6 28. Bc4+ 1-0

[Event "Aalborg Open"]
[Site "Aalborg DEN"]
[Date "1995.??.??"]
[Round "1"]
[White "Nielsen, Jorgen G"]
[Black "Mochalov, Evgeny V"]
[Result "1-0"]
[WhiteElo "2265"]
[BlackElo "2455"]
[PlyCount "127"]
[EventDate "1995.??.??"]
[Source "www.chesslib.no"]
[SourceDate "2004.05.04"]

1. d4 Nf6 2. c4 g6 3. Nc3 Bg7 4. e4 d6 5. f3 e5 6. Nge2 O-O 7. Be3 Nc6 8. Qd2 Bd7 9. O-O-O a6 10. Kb1 Rb8 11. c5 exd4 12. Nxd4 dxc5 13. Nxc6 Bxc6 14. Bxc5 Qxd2 15. Rxd2 Rfd8 16. Be3 Rxd2 17. Bxd2 Ne8 18. Bc4 Nd6 19. Bb3 Kf8 20. Nd5 Rc8 21. Bb4 Bxd5 22. Bxd5 c5 23. Bd2 Be5 24. Be3 b6 25. f4 Bg7 26. g4 Re8 27. Re1 a5 28. a3 g5 29. fxg5 Be5 30. h4 Kg7 31. Rf1 Re7 32. Bf4 Bxf4 33. Rxf4 Ne8 34. a4 f6 35. gxf6+ Nxf6 36. g5 Nxd5 37. exd5 Re5 38. Rf6 Rxd5 39. Rxb6 Rd1+ 40. Kc2 Rh1 41. Rh6 Rh3 42. b3 c4 43. bxc4 Ra3 44. Rc6 Rxa4 45. h5 Ra2+ 46. Kb3 Rh2 47. Rc7+ Kg8 48. h6 Rg2 49. Rc5 Kf7 50. Rxa5 Kg6 51. Rd5 Kf7 52. Kb4 Ke6 53. Ra5 Rg4 54. Ra7 Rxg5 55. Rxh7 Kd6 56. c5+ Kc6 57. Rg7 Rh5 58. Rg6+ Kc7 59. Kb5 Kd7 60. Kb6 Rh1 61. c6+ Ke7 62. c7 Rb1+ 63. Kc6 Rc1+ 64. Kb7 1-0

[Event "Moscow-ch"]
[Site "Moscow"]
[Date "1996.??.??"]
[Round "4"]
[White "Melkonyan, Leonard"]
[Black "Hachatrian, Vahagn"]
[Result "1-0"]
[WhiteElo "2380"]
[BlackElo "2340"]
[PlyCount "23"]
[EventDate "1996.08.??"]
[Source "www.chesslib.no"]
[SourceDate "2004.05.04"]

1. d4 Nf6 2. c4 g6 3. Nc3 Bg7 4. e4 O-O 5. Be3 d6 6. f3 Nc6 7. Nge2 e5 8. Qd2 Ne8 9. g4 f5 10. gxf5 gxf5 11. O-O-O f4 12. Bf2 1-0

[Event "Katowice Open"]
[Site "Katowice POL"]
[Date "1993.??.??"]
[Round "7"]
[White "Savon, Vladimir A"]
[Black "Obsivac, Josef"]
[Result "1-0"]
[WhiteElo "2415"]
[BlackElo "2300"]
[PlyCount "85"]
[EventDate "1993.01.??"]
[Source "www.chesslib.no"]
[SourceDate "2004.05.04"]

1. c4 Nf6 2. Nc3 g6 3. e4 d6 4. d4 Bg7 5. f3 O-O 6. Be3 e5 7. Nge2 a6 8. Qd2 c6 9. O-O-O Nbd7 10. Kb1 b5 11. Nc1 bxc4 12. dxe5 Nxe5 13. Qxd6 Qxd6 14. Rxd6 Be6 15. Rd2 Rfd8 16. Rxd8+ Rxd8 17. Be2 Rb8 18. Rd1 Nfd7 19. Kc2 Bf8 20. f4 Ng4 21. Bg1 Nc5 22. Bf3 Nf6 23. Bd4 Nfd7 24. g4 f6 25. h4 Be7 26. Be3 Rb7 27. Be2 Nb6 28. Bd4 Nba4 29. Nxa4 Nxa4 30. Bf3 Nc5 31. f5 Bf7 32. g5 Nd7 33. gxf6 Bxf6 34. Bxf6 Nxf6 35. e5 Bd5 36. Rf1 Ne4 37. f6 Kf7 38. Ne2 Nc5 39. Nd4 Ne6 40. Kc3 Bxf3 41. Nxf3 Rd7 42. Ng5+ Nxg5 43. hxg5 1-0

[Event "Srbia-chT"]
[Site "YUG"]
[Date "2000.??.??"]
[Round "?"]
[White "Scekic, Milos"]
[Black "Pavlovic, Dragan"]
[Result "1-0"]
[WhiteElo "2454"]
[BlackElo "2258"]
[PlyCount "97"]
[EventDate "2000.??.??"]
[Source "www.chesslib.no"]
[SourceDate "2004.05.04"]

1. d4 Nf6 2. c4 g6 3. Nc3 Bg7 4. e4 d6 5. f3 O-O 6. Be3 Nc6 7. Nge2 e5 8. d5 Ne7 9. g4 Ne8 10. Qd2 c5 11. O-O-O f5 12. h3 f4 13. Bf2 h6 14. Kb1 Bd7 15. Nc1 a6 16. Be2 Nf6 17. a3 a5 18. b3 Nc8 19. Nd3 Na7 20. Rc1 b5 21. cxb5 Nxb5 22. Nxb5 Bxb5 23. Nb2 Bxe2 24. Qxe2 Rb8 25. Ka2 Rf7 26. Nc4 Rfb7 27. Rb1 Ne8 28. Rhc1 Bf6 29. Be1 Ra7 30. Bc3 Qc7 31. Qd2 Bd8 32. a4 Kh7 33. h4 Rba8 34. h5 g5 35. Rd1 Qe7 36. Qb2 Qg7 37. Nxd6 Nxd6 38. Bxe5 Qe7 39. Bc3 Ra6 40. e5 Ne8 41. Qe2 Kg8 42. Qc4 Ng7 43. Rbc1 Kf8 44. Bb2 Bb6 45. Qe4 Kg8 46. Qg6 c4 47. Rxc4 Be3 48. e6 Rd8 49. d6 1-0

[Event "Doeberl Cup 39th"]
[Site "Canberra"]
[Date "2001.04.16"]
[Round "7.3"]
[White "Gluzman, Mikhail"]
[Black "Rujevic, Mirko"]
[Result "0-1"]
[WhiteElo "2369"]
[BlackElo "2337"]
[PlyCount "66"]
[EventDate "2001.04.13"]
[Source "ChessBase"]
[SourceDate "2001.07.03"]

1. e4 d6 2. d4 g6 3. c4 Bg7 4. Nc3 Nc6 5. Be3 e5 6. Nge2 exd4 7. Nxd4 Nf6 8. f3 O-O 9. Qd2 Be6 10. Nxc6 bxc6 11. h4 d5 12. e5 Nh5 13. O-O-O Ng3 14. Bg5 Qc8 15. Rh2 Nxf1 16. Rxf1 Bxe5 17. f4 Bg7 18. h5 Qa6 19. hxg6 fxg6 20. Rfh1 h5 21. cxd5 cxd5 22. g4 d4 23. Ne4 Bxg4 24. Qc2 Qxa2 25. Be7 d3 26. Qxd3 Qa1+ 27. Kd2 Qxb2+ 28. Ke3 Qb6+ 29. Bc5 Qe6 30. Bxf8 Rxf8 31. Rb1 Bf5 32. Rc2 Re8 33. Rc4 c5 0-1

[Event "PanAm Junior, Yucay PER"]
[Site "?"]
[Date "2001.??.??"]
[Round "4"]
[White "Prasca, R."]
[Black "Schneider, D."]
[Result "1/2-1/2"]
[WhiteElo "2300"]
[BlackElo "2405"]
[PlyCount "55"]
[EventDate "2001.??.??"]
[Source "www.chesslib.no"]
[SourceDate "2004.05.04"]

1. e4 e5 2. Nf3 d6 3. d4 exd4 4. Nxd4 g6 5. c4 Bg7 6. Nc3 Nc6 7. Be3 Nf6 8. f3 O-O 9. Be2 Re8 10. Qd2 a6 11. O-O Bd7 12. Rfd1 Qb8 13. c5 dxc5 14. Nxc6 Bxc6 15. Bxc5 Re5 16. Bd4 Re8 17. Bc4 Qd8 18. Qf2 Qe7 19. e5 Nd7 20. f4 Rac8 21. Rac1 Kh8 22. Bd5 Nb6 23. Bc5 Qd7 24. Bb3 Qf5 25. Bc2 Qh5 26. Be4 g5 27. Bxc6 bxc6 28. fxg5 1/2-1/2

[Event "JUG Team Ch"]
[Site "Cetinje"]
[Date "1992.??.??"]
[Round "?"]
[White "Vuruna, Miodrag"]
[Black "Bakic, Rados"]
[Result "1-0"]
[WhiteElo "2295"]
[BlackElo "2410"]
[PlyCount "97"]
[EventDate "1992.??.??"]
[Source "www.chesslib.no"]
[SourceDate "2004.05.04"]

1. d4 Nf6 2. c4 g6 3. Nc3 Bg7 4. e4 d6 5. f3 O-O 6. Be3 e5 7. Nge2 Nc6 8. Qd2 Bd7 9. d5 Ne7 10. g4 Ne8 11. h4 f5 12. g5 Rf7 13. O-O-O Bf8 14. Kb1 Ng7 15. Nc1 Nh5 16. Rg1 b6 17. Bd3 Bg7 18. Bc2 Qc8 19. Nd3 Qa6 20. Nb4 Qb7 21. Rdf1 Raf8 22. Qe1 Qc8 23. Nd3 a6 24. Ba4 Bxa4 25. Nxa4 fxe4 26. fxe4 Rxf1 27. Rxf1 Rxf1 28. Qxf1 Qg4 29. Nc3 Qxh4 30. Nb4 a5 31. Na6 c5 32. dxc6 Nxc6 33. c5 dxc5 34. Qc4+ Kf8 35. Qd5 Ne7 36. Qd8+ Kf7 37. Nc7 Bf8 38. Qe8+ Kg8 39. Ne6 Qh1+ 40. Kc2 Qg2+ 41. Kb3 a4+ 42. Ka3 Qf3 43. Bf4 Qxf4 44. Nxf4 Nxf4 45. Nxa4 Ne6 46. Nxb6 Nxg5 47. Nd7 Ne6 48. Nxf8 Nxf8 49. Qxe7 1-0

[Event "Elekes mem-B"]
[Site "Budapest"]
[Date "1982.??.??"]
[Round "?"]
[White "Horvath, Gyula"]
[Black "Gasic, Bozidar"]
[Result "1-0"]
[WhiteElo "2385"]
[BlackElo "2320"]
[PlyCount "79"]
[EventDate "1982.06.??"]
[Source "www.chesslib.no"]
[SourceDate "2004.05.04"]

1. d4 g6 2. e4 Bg7 3. c4 Nc6 4. Be3 e5 5. Ne2 exd4 6. Nxd4 d6 7. Nc3 Nf6 8. f3 O-O 9. Qd2 Nxd4 10. Bxd4 Bd7 11. O-O-O a6 12. c5 Be6 13. cxd6 cxd6 14. g4 h5 15. g5 Nd7 16. Bxg7 Kxg7 17. f4 Rc8 18. Kb1 Qa5 19. Bd3 Rc5 20. f5 gxf5 21. exf5 Rxf5 22. Bxf5 Bxf5+ 23. Ka1 Nc5 24. Qd4+ Kg8 25. b4 Nb3+ 26. Kb2 Nxd4 27. bxa5 Nc6 28. Rxd6 Be6 29. g6 Bh3 30. g7 Rd8 31. Rxd8+ Nxd8 32. Rg1 Ne6 33. Nd5 Nxg7 34. Nf4 Bf5 35. Nxh5 Bg6 36. Nxg7 Kxg7 37. Kc3 Kf6 38. Kd4 Ke6 39. Rg2 Kd6 40. Rb2 1-0

[Event "It \\ PA"]
[Site "It \\ Philadelphia, PA"]
[Date "1995.??.??"]
[Round "1"]
[White "Tibensky, Robert"]
[Black "Margulis, Isaak"]
[Result "0-1"]
[WhiteElo "2425"]
[BlackElo "2280"]
[PlyCount "65"]
[EventDate "1995.??.??"]
[Source "www.chesslib.no"]
[SourceDate "2004.05.04"]

1. d4 g6 2. c4 Bg7 3. Nc3 d6 4. e4 Nc6 5. Be3 e5 6. Nge2 exd4 7. Nxd4 Nf6 8. f3 O-O 9. Qd2 Ne5 10. O-O-O c6 11. h3 d5 12. cxd5 cxd5 13. Nc2 a6 14. Bg5 d4 15. Nxd4 Qc7 16. Kb1 Nc4 17. Qe2 b5 18. Qc2 Be6 19. Nxe6 fxe6 20. Bxc4 bxc4 21. Rd2 Rab8 22. Rhd1 Rb7 23. Re1 Nh5 24. Red1 h6 25. Be3 Rfb8 26. Bd4 Nf4 27. Bxg7 Qxg7 28. Qa4 Nd3 29. Qxc4 Nxb2 30. Qxe6+ Kh7 31. Kc2 Nxd1 32. Rxd1 Qc7 33. Rd3 0-1

[Event "It (open)"]
[Site "Callao (Peru)"]
[Date "2007.08.08"]
[Round "1"]
[White "Ledesma Otoniel (PER)"]
[Black "Matsuura Everaldo (BRA)"]
[Result "1/2-1/2"]
[WhiteElo "2197"]
[BlackElo "2505"]
[PlyCount "43"]
[EventDate "2007.??.??"]
[Source "www.chesslib.no"]
[SourceDate "2004.05.04"]

1. c4 Nf6 2. Nc3 g6 3. d4 Bg7 4. e4 d6 5. f3 O-O 6. Be3 e5 7. dxe5 dxe5 8. Bd3 Nc6 9. Qd2 Nd4 10. Nge2 c6 11. O-O Be6 12. Rad1 Nd7 13. b3 Nc5 14. Bb1 Qb6 15. Nxd4 exd4 16. Bxd4 Rfd8 17. Ne2 Bxd4+ 18. Nxd4 Rd7 19. Qf2 Rad8 20. Nxe6 Rxd1 21. Nxd8 Qxd8 22. Qxc5 1/2-1/2

[Event "Cannes Masters"]
[Site "Cannes FRA"]
[Date "1995.??.??"]
[Round "2"]
[White "Boudenne, Jean-Baptiste"]
[Black "Kalantarian, Norik"]
[Result "0-1"]
[WhiteElo "2240"]
[BlackElo "2460"]
[PlyCount "116"]
[EventDate "1995.??.??"]
[Source "www.chesslib.no"]
[SourceDate "2004.05.04"]

1. e4 g6 2. d4 Bg7 3. c4 d6 4. Nc3 e5 5. Be3 Nc6 6. Nge2 Nf6 7. f3 O-O 8. Qd2 a6 9. d5 Na5 10. Nc1 c5 11. Bd3 Bd7 12. O-O Rb8 13. a4 Qb6 14. b4 Qxb4 15. Rb1 Nxc4 16. Qe1 Nxe3 17. Rxb4 cxb4 18. Qxe3 bxc3 19. a5 Rfc8 20. Rf2 Ne8 21. Rc2 Bf6 22. Be2 Rc7 23. Na2 Rbc8 24. Rxc3 Rxc3 25. Nxc3 Bd8 26. Bd1 Bxa5 27. Na4 Rc4 28. Nb2 Rc7 29. h4 Bc3 30. Qe2 b5 31. Kh2 a5 32. Nd3 b4 33. Nb2 Bxb2 34. Qxb2 Rc5 35. h5 g5 36. h6 f6 37. g3 Rc3 38. Qf2 a4 39. Qa7 Rc7 40. Qb6 b3 41. Bxb3 axb3 42. Qxb3 Kf7 43. Qd3 Kg6 44. f4 Kxh6 45. f5 Kg7 46. Kg2 Kf7 47. Kf3 h5 48. Qd2 Ke7 49. Qa5 Rc5 50. Qa2 Ng7 51. Qb2 Ne8 52. Ke3 Nc7 53. Qb8 Be8 54. Kf2 Nb5 55. Ke3 Rc3+ 56. Kf2 Rc2+ 57. Ke3 Nd4 58. Qb7+ Bd7 0-1

[Event "HUN Ch"]
[Site "Budapest HUN"]
[Date "1982.??.??"]
[Round "?"]
[White "Lovass, Imre"]
[Black "Rajna, George"]
[Result "1/2-1/2"]
[WhiteElo "2310"]
[BlackElo "2390"]
[PlyCount "27"]
[EventDate "1982.12.??"]
[Source "www.chesslib.no"]
[SourceDate "2004.05.04"]

1. d4 Nf6 2. c4 g6 3. Nc3 Bg7 4. e4 d6 5. f3 O-O 6. Be3 e5 7. dxe5 dxe5 8. Qxd8 Rxd8 9. Nd5 Nxd5 10. cxd5 c6 11. Bc4 cxd5 12. Bxd5 Nc6 13. O-O-O Nd4 14. Rd2 1/2-1/2